One, two, three o'leary

Bibliographic Details
Main Author: Doyle, Malachy
Format: Book
Published: England : Simon And Schuster , 2004
Subjects:

MARC

LEADER 00000cam a2200000 7i4500
001 0000002984
005 20220105103940.0
008 10/07/07
020 |a 1416904174 
090 0 0 |a JP   |b NS ENG (1871) 
100 1 |a Doyle, Malachy 
245 1 0 |a One, two, three o'leary   |c Malachy Doyle 
260 |a England :   |b Simon And Schuster ,   |c 2004 
500 |a Children age 4-6 years old (yellow) 
650 0 |a Rhymes   |x Fiction 
999 |a 0000964009   |b Book   |c Children Collection   |e Perbadanan Perpustakaan Awam Johor 
999 |a 0000964010   |b Book   |c Children Collection   |e Cawangan Kota Tinggi 
999 |a 0000964011   |b Book   |c Children Collection   |e Perbadanan Perpustakaan Awam Johor